Celtic Speaking Regions on the Map - Statistics

General Stats
  • This quiz has been taken 395 times
  • The average score is 6 of 6
Answers on the Map
Answers color-coded by a green-red scale on the quiz's map according to % correct below.
 
Answer Stats
Regions % Correct
Scotland
100%
Ireland
99%
Wales
99%
Isle of Man
94%
Brittany
91%
Cornwall
87%
No matching quizzes found
Score Distribution
Percent of People with Each Score
Percentile by Number Answered
Your Score History
You have not taken this quiz